| 000 | 00693nam a2200289Ia 4500 | ||
|---|---|---|---|
| 001 | Z_6103 | ||
| 003 | CHAP | ||
| 008 | 220113s1977 xx 000 0 und d | ||
| 010 | _a169333 | ||
| 020 | _a84-352-049-6 | ||
| 040 | _cCHAP | ||
| 082 | _a636.5 C34 | ||
| 100 |
_aCartanyá Aleu, Pedro _9143936 |
||
| 245 |
_aCurso completo de avicultura / _cPedro Cartanyá Aleu |
||
| 250 | _a2a ed. | ||
| 260 |
_aEspaña : _bEdiciones CEDEL, _c1977 |
||
| 300 | _a178 p. | ||
| 503 | _aej.1: , ej.2:849 ej.3: 1219 | ||
| 504 | _aIncluye bibliografía | ||
| 650 |
_aAvicultura _98703 |
||
| 901 | _a636.5 C34 | ||
| 902 | _aA | ||
| 910 | _a1977 | ||
| 942 | _c1 | ||
| 942 | _cc1 | ||
| 999 |
_c169333 _d169333 |
||